000 00989nam a2200289 a 4500
001 000034768
005 20200930073906.0
008 111019s1980 sp 000 0 spa d
040 _aDO-SdBNP
_bspa
_cBNPHU
082 _a153
_bS164d
100 1 _aSalgan, Carl
_960251
240 1 0 _aThe dragonse
_lEspañol
245 1 4 _aLos dragones del Edén :
_bespeculaciones sobre la evolución de la inteligencia humana /
_cCarl Salgan ; traducido por Rafael Andreu.
260 _aBarcelona :
_bGrijalbo,
_c1980.
300 _a313 p. ;
_cil., retr.
490 1 _aBiología y psicologia de hoy.
_aSerie mayor
500 _aIncluye índice
504 _aBibliografía : p.293-303
586 _aPremio Pulitzer 1978
650 4 _aIntelegiencia
_960252
650 4 _aCerebro
_960253
650 4 _aPsicología genética
_912730
700 1 _aAndreu, Rafael
_960254
830 0 _aBiología y psicologia de hoy.
_pSerie mayor
_960255
910 _aValidado. Control de calidad MFF
049 _aBNGR
999 _c34259
_d34259